000 01270nam a2200349 i 4500
999 _c2523
_d2523
001 020944145
003 UkOxU
005 20230710074155.0
008 161101s2017 enka 000|0|eng|d
020 _a9780008202163
_qStudent book
035 _a(Uk)018170022
035 _a(StEdALDL)1/3531539
040 _aStDuBDS
_beng
_erda
_cStDuBDS
_dUkOxU
_dKH8
049 _aCROBAR
082 0 4 _a796.077 FRA
100 1 _aFraser, Leon,
_eauthor.
245 1 0 _aCambridge IGCSE physical education /
_cLeon Fraser, Gareth Norman and Matthew Brown.
264 1 _aLondon :
_bCollins,
_c[2017?]
264 4 _c©2017
300 _a2 volumes :
_billustrations ;
_c30 cm
336 _atext
_2rdacontent
337 _aunmediated
_2rdamedia
338 _avolume
_2rdacarrier
500 _a"Cambridge International Examinations endorsed for teacher support"--Cover of Teacher guide.
500 _a"Also for Cambridge IGCSE (9-1)"--Cover.
505 0 _aStudent book -- Teacher guide.
650 0 _aPhysical education and training
_xStudy and teaching (Secondary)
_zGreat Britain.
700 1 _aNorman, Gareth,
_eauthor.
700 1 _aBrown, Matthew,
_eauthor.
710 2 _aUniversity of Cambridge.
_bLocal Examinations Syndicate.
_bInternational Examinations.
942 _2ddc
_cTR